<?xml version='1.0' encoding='UTF-8'?>
  <record xmlns="http://www.loc.gov/MARC21/slim">
    <leader>00000cam a2200000 i 4500</leader>
    <controlfield tag="001">ocm69036194</controlfield>
    <controlfield tag="003">OCoLC</controlfield>
    <controlfield tag="005">20250218152800.3</controlfield>
    <controlfield tag="008">960111s1662    ne            000 0 dut d</controlfield>
    <datafield tag="040" ind1=" " ind2=" ">
      <subfield code="a">NLGGC</subfield>
      <subfield code="b">dut</subfield>
      <subfield code="e">fobidrtb</subfield>
      <subfield code="c">NLGGC</subfield>
      <subfield code="d">OCLCO</subfield>
      <subfield code="d">OCLCQ</subfield>
    </datafield>
    <datafield tag="029" ind1="0" ind2=" ">
      <subfield code="a">NLGGC</subfield>
      <subfield code="b">144003147</subfield>
    </datafield>
    <datafield tag="035" ind1=" " ind2=" ">
      <subfield code="a">(OCoLC)69036194</subfield>
    </datafield>
    <datafield tag="245" ind1="0" ind2="0">
      <subfield code="a">Borger-koutje gehouden tusschen twee gereformeerde persoone ... waerin verhaelt wort het grouwelijck ghevoelen, van eenighe dwael-gheesten schuylende onder de remon-strant tot Schoon-hoven, ende hoe Godtsalichlijck ... de selve bejegent sijn, vander hooch-geleerde D. Arnoldus Montanus ... /</subfield>
      <subfield code="c">t'samengestelt door ... L. D. I. P.</subfield>
    </datafield>
    <datafield tag="260" ind1=" " ind2=" ">
      <subfield code="a">Gedruckt inde wijde werelt, tot dienst, van alle liefhebbers der waerheyt,</subfield>
      <subfield code="c">1662.</subfield>
    </datafield>
    <datafield tag="300" ind1=" " ind2=" ">
      <subfield code="a">? ;</subfield>
      <subfield code="c">in-4.</subfield>
    </datafield>
    <datafield tag="336" ind1=" " ind2=" ">
      <subfield code="a">tekst</subfield>
      <subfield code="b">txt</subfield>
      <subfield code="2">rdacontent/dut</subfield>
    </datafield>
    <datafield tag="337" ind1=" " ind2=" ">
      <subfield code="a">zonder medium</subfield>
      <subfield code="b">n</subfield>
      <subfield code="2">rdamedia/dut</subfield>
    </datafield>
    <datafield tag="338" ind1=" " ind2=" ">
      <subfield code="a">band</subfield>
      <subfield code="b">nc</subfield>
      <subfield code="2">rdacarrier/dut</subfield>
    </datafield>
    <datafield tag="510" ind1="0" ind2=" ">
      <subfield code="a">Van Someren 761</subfield>
    </datafield>
    <datafield tag="530" ind1=" " ind2=" ">
      <subfield code="a">Titel is geselecteerd voor digitalisering voor de Universiteit van Amsterdam in het kader van het Google Books-project.</subfield>
    </datafield>
    <datafield tag="600" ind1="1" ind2="7">
      <subfield code="a">Montanus, Arnoldus,</subfield>
      <subfield code="d">1625-1683.</subfield>
      <subfield code="2">local</subfield>
      <subfield code="0">(NL-LeOCL)069222207</subfield>
    </datafield>
    <datafield tag="700" ind1="0" ind2=" ">
      <subfield code="a">L.D.I.P.</subfield>
      <subfield code="4">edt</subfield>
    </datafield>
    <datafield tag="710" ind1="2" ind2=" ">
      <subfield code="a">[S.l. (s.n.])</subfield>
      <subfield code="4">prt</subfield>
    </datafield>
    <datafield tag="776" ind1="0" ind2=" ">
      <subfield code="t">Borger-koutje gehouden tusschen twee gereformeerde persoone ... waerin verhaelt wort het grouwelijck ghevoelen, van eenighe dwael-gheesten schuylende onder de remon-strant tot Schoon-hoven, ende hoe Godtsalichlijck ... de selve bejegent sijn, vander hooch-geleerde D. Arnoldus Montanus ...</subfield>
      <subfield code="w">(NL-LeOCL)401812316</subfield>
    </datafield>
    <datafield tag="936" ind1=" " ind2=" ">
      <subfield code="a">BATCHLOAD</subfield>
    </datafield>
  </record>